Carr and Latham's Technology of Clothing Manufacture (Record no. 4523)

MARC details
000 -LEADER
fixed length control field 00379nam a2200145Ia 4500
008 - FIXED-LENGTH DATA ELEMENTS--GENERAL INFORMATION
fixed length control field 191201s2008 xx 000 0 und d
082 ## - DEWEY DECIMAL CLASSIFICATION NUMBER
Classification number 338.4'7687TYC
100 ## - MAIN ENTRY--PERSONAL NAME
Personal name TYLER, David J
245 #0 - TITLE STATEMENT
Title Carr and Latham's Technology of Clothing Manufacture
250 ## - EDITION STATEMENT
Edition statement 4th
260 ## - PUBLICATION, DISTRIBUTION, ETC. (IMPRINT)
Place of publication, distribution, etc Australia
Name of publisher, distributor, etc Black Well Science
Date of publication, distribution, etc 2008
300 ## - PHYSICAL DESCRIPTION
Extent 330
650 ## - SUBJECT ADDED ENTRY--TOPICAL TERM
Topical term or geographic name as entry element B.Tech(TE)
942 ## - ADDED ENTRY ELEMENTS (KOHA)
Source of classification or shelving scheme Dewey Decimal Classification
Koha item type Text Books
Holdings
Withdrawn status Lost status Source of classification or shelving scheme Damaged status Not for loan Collection code Home library Current library Date acquired Source of acquisition Cost, normal purchase price Bill Number Total Checkouts Full call number Acc. no. / Barcode Date last seen Bill Date Koha item type Date last borrowed
    Dewey Decimal Classification     B.Tech(TE) PIET C-LIBRARY PIET C-LIBRARY 27/04/2010 Indian International Text Book 3623.00 1285   338.4'7687TYC 15403 04/12/2019 19/02/2010 Text Books  
    Dewey Decimal Classification     B.Tech(TE) PIET C-LIBRARY PIET C-LIBRARY 27/04/2010 Indian International Text Book 3623.00 1285 8 338.4'7687TYC 15404 15/06/2023 19/02/2010 Text Books 30/05/2023
    Dewey Decimal Classification     B.Tech(TE) PIET C-LIBRARY PIET C-LIBRARY 27/04/2010 Indian International Text Book 3623.00 1285 6 338.4'7687TYC 15405 21/06/2023 19/02/2010 Text Books 13/06/2023
    Dewey Decimal Classification     B.Tech(TE) PIET C-LIBRARY PIET C-LIBRARY 27/04/2010 Indian International Text Book 3623.00 1285 7 338.4'7687TYC 15406 16/06/2023 19/02/2010 Text Books 30/05/2023
    Dewey Decimal Classification     B.Tech(TE) PIET C-LIBRARY PIET C-LIBRARY 27/04/2010 Indian International Text Book 3623.00 1285 5 338.4'7687TYC 15407 29/07/2023 19/02/2010 Text Books 20/03/2023

Design & Developed by: PIET Central Library
R70 Miles Stone Pattikalyana Samalkha Panipat 132102
mail ID :- [email protected], Phone No:- 0180-2569700 Ex.216